000
00289nam a2200121Ia 4500
008
191201s2011 xx 000 0 und d
082
_a
004.22
_b
RAC
100
_a
RAO, PVS
245
0
_a
Computer Systems Architecture
260
_c
2011
_b
PHI
_a
NEW DELHI
300
_a
500
942
_2
ddc
_c
BK
_0
2
999
_c
7766
_d
7766